| 000 | 00519nam a2200121Ia 4500 | ||
|---|---|---|---|
| 008 | 220620s9999||||xx |||||||||||||| ||und|| | ||
| 245 | 0 |
_aIntellectual Property in the Global Arena _bJurisdiction, Applicable Law, and the Recognition of Judgments in Europe, Japan and the US |
|
| 546 | _aEnglish[eng] | ||
| 650 | _aLaw||Intellectual Property||General | ||
| 700 | _aKono, Toshiyuki||Basedow, Jürgen||Metzger, Axel | ||
| 856 | _uhttps://library.oapen.org/bitstream/20.500.12657/43970/1/external_content.pdf | ||
| 942 | _cEB | ||
| 999 |
_c33125 _d33125 |
||